000 01007cab a22002055a 4500
001 L147655
008 090603e20090529xxk f l 000 0 eng d
035 _a(Sirsi) u147655
041 0 _aeng
100 1 _aGordon, Warren
245 0 0 _aCurrent affairs
260 _c2009
490 0 _aProperty Week
_v75(22) 29 May 2009, 46(1)
520 _aSummarises the case of William Old International Ltd v D Arya and another, HC (Ch), 20 April 2009. Case centres on whether an easement to lay cables under a property owner's land implied that the owner was required to enter into a deed with the utility company laying the cables. It was held that the easement did not carry with it an implied positive obligation on A to execute the deed nor did A's refusal to execute the deed constitute derogation from the granting of the easement.
590 _aKA
650 2 4 _aWILLIAM OLD INTERNATIONAL LTD V D ARYA AND ANOTHER
651 4 _aEngland and Wales
_y1543-
690 _aBoundary disputes
_96221
942 _n0
999 _c81600
_d81600